000 00578nam a2200229Ia 4500
003 OSt
005 20220924153006.0
006 a|||||r|||| 00| 0
007 ta
008 220923b |||||||| |||| 00| 0 guj d
024 _a346336
037 _cTextual
040 _aARTS
_cARTS
_bguj
041 _2guj
_aguj
082 _aO156,3M59:g, J1
100 _aMedha Susmita
_9227941
245 0 _aNarsihrao divetiya
260 _c1951
650 _aGUJRATI LITERATURE
942 _hO156,3M59:g, J1
_cTEXL
_2CC
999 _c471878
_d471878